000 01328namaa22003251i 4500
005 20260409124221.0
008 260409s1995 ua a|||frm||| 000 0 eng d
040 _aEG-GICUC
_beng
_cEG-GICUC
_dEG-GICUC
_erda
041 0 _aeng
_beng
_bara
049 _aDeposit
097 _aM.Sc
099 _aCai01.12.20.M.Sc.1995.As.P
100 0 _aAshraf Aly Abd El-Fattah Mansour,
_epreparation.
245 1 0 _aPlasma Sheath Dynamics in Pinch Discharge /
_cBy Ashraf Aly Abd El-Fattah Mansour ; Supervised prof. Dr. M.A. El-Nady, Prof. Dr. T.A. El- Khalafawy, Prof. Dr. M.M. Masoud
246 1 5 _aديناميكا غشاء البلازما في التفريغ القبصي
264 0 _c1995.
300 _a192 Leaves
_billustrations
_c30 cm. +
336 _2rda content
_atext
337 _2rdamedia
_aUnmediated
338 _2rdacarrier
_avolume
502 _aThesis (M.Sc.)-Cairo University, 1995
504 _aBibliography: pages 191-192
653 0 _aElectronics
_aChemical Physics
_aLaser
700 0 _aM.A. El-Nady
_ethesis advisor.
700 0 _aT.A. El- Khalafawy
_ethesis advisor.
700 0 _aT.A. El- Khalafawy
_ethesis advisor.
900 _DDepartment of Physics
_FFaculty of Medicine
_UCairo University
_b1995
_cM.A. El-Nady
_cT.A. El- Khalafawy
_cT.A. El- Khalafawy
905 _aNehad
942 _2ddc
_cTH
_e21
_n0
999 _c179337